Statistics for People in History A-Z #1

Click here to take the quiz!

General Stats

  • This quiz has been taken 81,340 times
    (47,586 since last reset)
  • The average score is 18 of 26

Answer Stats

LetterHintAnswer% Correct
HNazi leader of Germany in WWIIAdolf Hitler
98%
EGerman scientist famous for the theory E=mc2Albert Einstein
97%
JFounder of Christianity, crucified by the RomansJesus Christ
96%
KAmerican President assassinated by Lee Harvey OswaldJohn F. Kennedy
95%
GIndian pacifist who led India to independenceMohandas Gandhi
95%
SBritish playwright who wrote "Hamlet" and "Macbeth"William Shakespeare
92%
CRoman dictator who was stabbed on the Ides of MarchJulius Caesar
91%
MItalian artist who painted the Sistine Chapel and sculpted DavidMichelangelo
90%
TEgyptian pharaoh whose tomb was discovered by Howard CarterTutankhamun
87%
LProtestant reformer who nailed 95 theses on a church doorMartin Luther
85%
FAmerican founding father depicted on the $100 billBenjamin Franklin
84%
WBrothers who invented the airplaneThe Wright Brothers
84%
DAuthor of "Oliver Twist" and "A Tale of Two Cities"Charles Dickens
82%
ISpanish Queen of Castille who married the King of AragonIsabella I of Castille
75%
AGreek inventor who cried "Eureka!"Archimedes
66%
BA country in South America is named for this revolutionarySimón Bolívar
66%
NBritish admiral who won the Battle of TrafalgarHoratio Nelson
63%
RDutch Golden Age painter of "The Night Watch"Rembrandt van Rijn
60%
YFirst democratically-elected President of RussiaBoris Yeltsin
56%
XPersian emperor who failed to conquer GreeceXerxes
55%
VItalian explorer and cartographer, namesake of two continentsAmerigo Vespucci
51%
PSpanish conquistador who conquered the Incan EmpireFrancisco Pizarro
40%
UPope who called for and launched the First CrusadeUrban II
40%
ORoman poet who wrote "Metamorphoses"Ovid
38%
ZIranian prophet who founded a religion named after himZoroaster
33%
QNorwegian WWII leader who collaborated with the NazisVidkun Quisling
22%

Score Distribution

Percentile by Number Answered

Percent of People with Each Score

Your Score History

You have not taken this quiz since the last reset